000 01649nam a2200385 a 4500
001 ebr10189011
003 CaPaEBR
006 m u
007 cr cn|||||||||
008 070216s2007 enkab sb 001 0 eng
010 _z 2007006871
020 _z9781853599958 (hbk : alk. paper)
020 _z1853599956 (hbk : alk. paper)
020 _z9781853599941 (pbk : alk. paper)
020 _z1853599948 (pbk : alk. paper)
020 _z9781853599965 (ebook)
020 _z1853599964 (ebook)
040 _aCaPaEBR
_cCaPaEBR
035 _a(OCoLC)173609003
050 1 4 _aP53.8
_b.N43 2007eb
082 0 4 _a306.4409429
_222
100 1 _aNewcombe, Lynda Pritchard.
245 1 0 _aSocial context and fluency in L2 learners
_h[electronic resource] :
_bthe case of Wales /
_cLynda Pritchard Newcombe.
260 _aClevedon, UK ;
_aBuffalo, NY :
_bMultilingual Matters,
_cc2007.
300 _axiv, 139 p. :
_bill., maps.
490 1 _aNew perspectives on language and education
504 _aIncludes bibliographical references (p. 119-133) and index.
533 _aElectronic reproduction.
_bPalo Alto, Calif. :
_cebrary,
_d2013.
_nAvailable via World Wide Web.
_nAccess may be limited to ebrary affiliated libraries.
650 0 _aLanguage and languages
_xStudy and teaching
_xSocial aspects
_zWales.
650 0 _aWelsh language
_xStudy and teaching
_xSocial aspects.
655 7 _aElectronic books.
_2local
710 2 _aebrary, Inc.
830 0 _aNew perspectives on language and education.
856 4 0 _uhttp://site.ebrary.com/lib/rucke/Doc?id=10189011
_zAn electronic book accessible through the World Wide Web; click to view
999 _c146550
_d146550